000 00471nam a2200181Ia 4500
001 21391
005 20260306172915.0
008 260306t2013||||xx |||||||||||||| ||spa||
041 _aESP
082 _a344.83
_bF42B
100 _aFernández Teruelo, Javier Gustavo
_eAUT
245 0 _aInstituciones de derecho penal económico y de la empresa
260 _c2013
300 _a394 páginas :
_c24 cm.
650 _aGEN
654 _aCDE
942 _cLIB
_dJUS
_fJUS
_2ddc
_n
999 _c21391
_d21391